| 000 | 00687nam a2200229Ia 4500 | ||
|---|---|---|---|
| 005 | 20220210135300.0 | ||
| 008 | 210716s2012 xx 000 0 und d | ||
| 020 | _a8121939844 | ||
| 040 | _cAIMIT LIBRARY | ||
| 041 | _aeng | ||
| 082 |
_a332.12 _21 _bMISS |
||
| 100 |
_aMishra, Sukhvinder. _913082 |
||
| 245 |
_aBanking Law and Practice / _cby Sukhvinder Mishra. |
||
| 250 | _a1st ed. | ||
| 260 |
_aNew Delhi : _bS Chand and Company Ltd , _c2012. |
||
| 300 |
_ax,958p. ; _c23.6 cm. |
||
| 650 |
_aBanking Law. _913087 |
||
| 650 |
_aFinancial System. _913088 |
||
| 650 |
_aIndian Banking System. _913089 |
||
| 650 |
_aCommercial Banks. _913090 |
||
| 942 |
_2ddc _cBK _e1st _k332.12 MISS |
||
| 999 |
_c210705 _d210705 |
||